№ 5 (151); Энергосбережение и водоподготовка

Chi tiết về thư mục
Parent link:Энергосбережение и водоподготовка: научно-технический журнал/ Кубанский государственный аграрный университет. № 5 (151).— .— Краснодар: КубГАУ, 1997-.— 1992-4658
Tóm tắt:Текстовый файл
AM_Agreement
Ngôn ngữ:Tiếng Nga
Được phát hành: 2024
Truy cập trực tuyến:https://www.elibrary.ru/contents.asp?id=80514336
Định dạng: Điện tử Sách
KOHA link:https://koha.lib.tpu.ru/cgi-bin/koha/opac-detail.pl?biblionumber=680953

MARC

LEADER 00000nam2a2200000 4500
001 680953
005 20250630094053.0
090 |a 680953 
100 |a 20250630d2024 km|y0rusy50 ca 
101 0 |a rus 
102 |a RU 
105 |a a z 001yy 
135 |a drcn ---uucaa 
181 0 |a i   |b  e  
182 0 |a b 
183 0 |a cr  |2 RDAcarrier 
200 0 |a № 5 (151) 
210 |d 2024 
320 |a Библиография в конце статей 
336 |a Текстовый файл 
371 0 |a AM_Agreement 
461 1 |0 400057  |9 400057  |t Энергосбережение и водоподготовка  |o научно-технический журнал  |f Кубанский государственный аграрный университет  |c Краснодар  |n КубГАУ  |v № 5 (151)  |d 1997-  |x 1992-4658 
801 0 |a RU  |b 63413507  |c 20250630  |g PSBO 
850 |a 63413507 
856 4 |u https://www.elibrary.ru/contents.asp?id=80514336  |z https://www.elibrary.ru/contents.asp?id=80514336 
942 |c CF